000 00778nam a2200253 i 4500
001 133714
003 ES-MaACL
005 20230906194518.0
007 t|
008 070827s1987 fr ||||1| fre d
020 _a2.01.012187.2
080 _a792.54"1800/1850"
100 1 _aBarbier, Patrick.
_925461
245 1 0 _aA L'opera au temps de Rossini et de Balzac
_b: Paris, 1800-1850 /
_cPatrick Barbier.
260 _aParis :
_bHachette,
_c[1989]
300 _a293 p. ;
_c20 cm.
490 1 _aLa vie quotidienne
500 _aBiblioteca Jacinto Martínez Lacalle.
504 _aBibliografía: p.289-293.
650 4 _aÓpera-
_zFrancia-
_yS.XIX.
_9139916
830 0 _aLa vie quotidienne
_9186955
852 _aES-MaACL
_jE-12038
_bR.139945
999 _c133714
_d133714